000 00487nam a2200169Ia 4500
008 240729s9999 xx 000 0 und d
022 _a2667-0755
245 0 _aOld World
260 _aNetherlands
260 _bBrill
650 _a History of Africa
650 _a History of Civilization | History (General) and history of Europe
650 _aAuxiliary sciences of history
856 _uhttps://doaj.org/toc/075518b548fc41e795169c48391b5cdd
942 _2ddc
942 _cDOAJEJ
999 _c68326
_d68326
945 _a1
_bMadushi Gamage
_c1
_dMadushi Gamage